[Event "Saarland-ch MB 87th"]
[Site "Voelklingen"]
[Date "2012.03.31"]
[Round "2"]
[White "Rosenkranz, Christian"]
[Black "Hoefer, Ulrich"]
[Result "0-1"]
[WhiteElo "2006"]
[BlackElo "2020"]
[PlyCount "50"]
[EventDate "2012.03.30"]
[EventType "swiss"]
[EventRounds "6"]
[EventCountry "GER"]
[SourceTitle "EXT 2013"]
[Source "ChessBase"]
[SourceDate "2012.11.22"]
[SourceVersion "1"]
[SourceVersionDate "2012.11.22"]
[SourceQuality "1"]

1. d4 d5 2. c4 e6 3. Nf3 Nf6 4. g3 Be7 5. Bg2 0-0 6. 0-0 Ne4 7. Qc2 Nd7 8. Nbd2 f5 9. Ne5 c6 10. Ndf3 Ndf6 11. Nd3 Qe8 12. Nfe5 Nd7 13. f3 Nef6 14. Bd2 Nxe5 15. dxe5 Nd7 16. e4 dxe4 17. fxe4 Nc5 18. Nf2 a5 19. Be3 Bd7 20. Nd3 Nxe4 21. Bxe4 fxe4 22. Nf2 c5 23. Qxe4 Bc6 24. Qg4 Rf5 25. Ne4 h5 0-1

[Event "Rhein Main op 13th"]
[Site "Bad Homburg"]
[Date "2010.06.05"]
[Round "5"]
[White "Kitzler, Gerhard"]
[Black "Rosenkranz, Christian"]
[Result "0-1"]
[WhiteElo "1679"]
[BlackElo "1765"]
[PlyCount "58"]
[EventDate "2010.06.02"]
[EventType "swiss"]
[EventRounds "7"]
[EventCountry "GER"]
[SourceTitle "EXT 2011"]
[Source "ChessBase"]
[SourceDate "2010.11.26"]
[SourceVersion "1"]
[SourceVersionDate "2010.11.26"]
[SourceQuality "1"]

1. e4 d5 2. exd5 Qxd5 3. Nc3 Qd6 4. d4 Nf6 5. Be2 a6 6. a3 Bf5 7. Nf3 e6 8. Ne5 Nc6 9. Nxc6 Qxc6 10. f3 0-0-0 11. Be3 e5 12. d5 Nxd5 13. Nxd5 Rxd5 14. Bd3 Bxd3 15. cxd3 Qg6 16. 0-0 Qxd3 17. Qxd3 Rxd3 18. Kf2 Be7 19. Rfd1 Rhd8 20. Rxd3 Rxd3 21. Ke2 Rb3 22. Ra2 f5 23. g3 Bf6 24. Bc1 e4 25. fxe4 fxe4 26. a4 c5 27. Kf2 Bd4+ 28. Kg2 c4 29. Kf1 Rf3+ 0-1

[Event "Rhein Main op 13th"]
[Site "Bad Homburg"]
[Date "2010.06.03"]
[Round "3"]
[White "Rosenkranz, Christian"]
[Black "Sittinger, Lutz"]
[Result "1/2-1/2"]
[WhiteElo "1765"]
[BlackElo "1958"]
[PlyCount "103"]
[EventDate "2010.06.02"]
[EventType "swiss"]
[EventRounds "7"]
[EventCountry "GER"]
[SourceTitle "EXT 2011"]
[Source "ChessBase"]
[SourceDate "2010.11.26"]
[SourceVersion "1"]
[SourceVersionDate "2010.11.26"]
[SourceQuality "1"]

1. e4 e5 2. d4 exd4 3. c3 c5 4. cxd4 cxd4 5. Nf3 Nc6 6. Nxd4 Bb4+ 7. Nc3 Nge7 8. Be2 0-0 9. 0-0 h6 10. Nd5 Nxd5 11. exd5 Nxd4 12. Qxd4 Bd6 13. Bd3 Re8 14. Qg4 Qf6 15. Bd2 Be5 16. Rae1 d6 17. Qa4 Rd8 18. Qe4 g6 19. Qe3 g5 20. Qe4 Qg7 21. f4 f5 22. Qe2 Bd4+ 23. Kh1 g4 24. Qe7 Qxe7 25. Rxe7 Bxb2 26. Rfe1 Bd7 27. Bb4 Bf6 28. R7e2 a6 29. Bxd6 Bb5 30. Bxb5 Rxd6 31. Ba4 Kg7 32. Bb3 b5 33. Re6 Rad8 34. Rxd6 Rxd6 35. Re6 Rxe6 36. dxe6 Be7 37. g3 Kf6 38. Kg2 Bc5 39. Kf1 Ke7 40. Ke2 Kd6 41. Kd3 a5 42. a4 bxa4 43. Bxa4 Kxe6 44. Bb3+ Kf6 45. Ba4 h5 46. Ke2 Bd4 47. Bb3 Bb2 48. Ke3 h4 49. Ke2 h3 50. Kf1 Bd4 51. Ba4 Bb6 52. Bb3 1/2-1/2

[Event "Saarland-ch MB 85th"]
[Site "Homburg"]
[Date "2010.03.27"]
[Round "2"]
[White "Frischmann, Rick"]
[Black "Rosenkranz, Christian"]
[Result "1/2-1/2"]
[WhiteElo "1870"]
[BlackElo "1737"]
[PlyCount "28"]
[EventDate "2010.03.27"]
[EventType "swiss"]
[EventRounds "9"]
[EventCountry "GER"]
[SourceTitle "EXT 2011"]
[Source "ChessBase"]
[SourceDate "2010.11.26"]
[SourceVersion "1"]
[SourceVersionDate "2010.11.26"]
[SourceQuality "1"]

1. e4 c5 2. d4 cxd4 3. c3 g6 4. cxd4 d5 5. e5 Bg7 6. Bd3 Nc6 7. Ne2 f6 8. f4 Nh6 9. Nbc3 Bg4 10. Qa4 0-0 11. Nxd5 fxe5 12. fxe5 Bxe2 13. Bxe2 Kh8 14. Nf4 Qxd4 1/2-1/2

[Event "Saarland-ch A"]
[Site "Schiffweiler"]
[Date "2009.04.09"]
[Round "7"]
[White "Rosenkranz, Christian"]
[Black "Fries, Frederik"]
[Result "0-1"]
[WhiteElo "1706"]
[BlackElo "1735"]
[PlyCount "100"]
[EventDate "2009.04.03"]
[EventType "swiss"]
[EventRounds "9"]
[EventCountry "GER"]
[SourceTitle "EXT 2012"]
[Source "ChessBase"]
[SourceDate "2011.11.24"]
[SourceVersion "1"]
[SourceVersionDate "2011.11.24"]
[SourceQuality "1"]

1. d4 Nf6 2. c4 g6 3. Nc3 d5 4. cxd5 Nxd5 5. e4 Nxc3 6. bxc3 Bg7 7. Nf3 0-0 8. Be2 c5 9. Rb1 cxd4 10. cxd4 Nc6 11. d5 Ne5 12. Nxe5 Bxe5 13. 0-0 Qa5 14. f4 Bg7 15. Qc2 Rb8 16. Bd2 Qd8 17. Bb4 f5 18. e5 a5 19. Ba3 Re8 20. Rfd1 Ra8 21. Qc5 e6 22. dxe6 Bf8 23. Qxf8+ Rxf8 24. Rxd8 Rxd8 25. e7 Re8 26. Bc4+ Kg7 27. Rd1 b6 28. Bb5 Be6 29. Rd2 Kf7 30. Kf2 Rac8 31. Bd6 Bc4 32. Bd7 Be6 33. Ba4 Bc4 34. Bd1 b5 35. a3 Be6 36. Be2 Bc4 37. Bf3 Ke6 38. Bb7 a4 39. Bb4 Rc7 40. Rd6+ Kf7 41. Rf6+ Kg7 42. Bc6 Rexe7 43. Bxe7 Rxe7 44. Ke3 b4 45. axb4 a3 46. Rd6 Bb3 47. Bd5 a2 48. Ra6 Bxd5 49. Kd4 Bf7 50. b5 Rd7+ 0-1

[Event "Saarland-ch A"]
[Site "Schiffweiler"]
[Date "2009.04.03"]
[Round "1"]
[White "Rosenkranz, Christian"]
[Black "Hessedenz, Armin"]
[Result "1-0"]
[WhiteElo "1706"]
[BlackElo "1616"]
[PlyCount "79"]
[EventDate "2009.04.03"]
[EventType "swiss"]
[EventRounds "9"]
[EventCountry "GER"]
[SourceTitle "EXT 2012"]
[Source "ChessBase"]
[SourceDate "2011.11.24"]
[SourceVersion "1"]
[SourceVersionDate "2011.11.24"]
[SourceQuality "1"]

1. d4 Nf6 2. c4 d5 3. cxd5 Nxd5 4. e4 Nb6 5. Be3 g6 6. Nc3 Bg7 7. Nf3 c6 8. Be2 Be6 9. 0-0 0-0 10. b3 Bg4 11. Rc1 Bxf3 12. Bxf3 e5 13. d5 Qf6 14. Qd2 Qd6 15. Rfd1 Rd8 16. Ne2 Bf8 17. Bc5 Qd7 18. Bxf8 Kxf8 19. Qh6+ Kg8 20. Ng3 Qe7 21. h4 Rd6 22. Qg5 Qxg5 23. hxg5 cxd5 24. exd5 Kg7 25. Rc7 Na6 26. Rxb7 Nb4 27. Ne4 Rxd5 28. Rxd5 N4xd5 29. Nd6 Rf8 30. Rxa7 Nf4 31. a4 Nc8 32. Nxc8 Rxc8 33. a5 Ne6 34. a6 Nxg5 35. Bd5 Rd8 36. Bc4 Kf8 37. Rb7 Ra8 38. a7 Kg7 39. Rd7 Kf6 40. Bd5 1-0

[Event "Saarland-ch A"]
[Site "Eppelborn"]
[Date "2008.03.17"]
[Round "4"]
[White "Rosenkranz, Christian"]
[Black "Kessler, Joerg"]
[Result "0-1"]
[WhiteElo "1674"]
[BlackElo "1855"]
[PlyCount "60"]
[EventDate "2008.03.14"]
[EventType "swiss"]
[EventRounds "9"]
[EventCountry "GER"]
[SourceTitle "EXT 2010"]
[Source "ChessBase"]
[SourceDate "2010.11.25"]
[SourceVersion "1"]
[SourceVersionDate "2010.11.25"]
[SourceQuality "1"]

1. d4 Nf6 2. c4 g6 3. Nc3 Bg7 4. e4 d6 5. Be2 0-0 6. Nf3 e5 7. 0-0 Nc6 8. d5 Ne7 9. b4 Ne8 10. c5 f5 11. Nd2 f4 12. Nc4 a6 13. Ba3 Rf6 14. b5 g5 15. b6 Rh6 16. Rc1 dxc5 17. bxc7 Qxc7 18. d6 Nxd6 19. Qd5+ Nxd5 20. Nxd5 Qd8 21. Bxc5 Nxc4 22. Bxc4 Kh8 23. Rfd1 Bd7 24. Be7 Qe8 25. Bxg5 Rc6 26. Ne7 h6 27. Bh4 Rac8 28. Nxc6 Bxc6 29. f3 Kh7 30. Rd6 Bb5 0-1

[Event "GER-chT WK 3 U16"]
[Site "Kiel"]
[Date "2007.05.17"]
[Round "2.2"]
[White "Rabinovitch, Alexej"]
[Black "Rosenkranz, Christian"]
[Result "0-1"]
[WhiteElo "1403"]
[BlackElo "1649"]
[PlyCount "80"]
[EventDate "2007.05.17"]
[EventType "team-swiss"]
[EventRounds "7"]
[EventCountry "GER"]
[SourceTitle "EXT 2008"]
[Source "ChessBase"]
[SourceDate "2007.11.25"]
[SourceVersion "1"]
[SourceVersionDate "2007.11.25"]
[SourceQuality "1"]

1. Nc3 d5 2. e4 dxe4 3. Nxe4 Bf5 4. Ng3 Bg6 5. Nf3 Nf6 6. Bc4 e6 7. 0-0 Bd6 8. d3 0-0 9. Re1 Nbd7 10. Be3 Bxg3 11. hxg3 Bh5 12. Qd2 Bxf3 13. gxf3 Ne5 14. Kg2 Nxc4 15. dxc4 Qxd2 16. Bxd2 c5 17. Bc3 Rfd8 18. Bxf6 gxf6 19. Rad1 Kf8 20. Kf1 Ke7 21. Ke2 Rxd1 22. Rxd1 Rd8 23. Rh1 Rh8 24. Rh5 f5 25. g4 Kf6 26. Ke3 Kg6 27. Kf4 f6 28. Rh1 e5+ 29. Ke3 f4+ 30. Ke2 h5 31. gxh5+ Rxh5 32. Rxh5 Kxh5 33. Kd3 f5 34. Ke2 a5 35. a3 Kh4 36. c3 Kh3 37. b4 b6 38. bxa5 bxa5 39. a4 Kg2 40. Ke1 Kxf3 0-1

[Event "GER-ch U12"]
[Site "Willingen"]
[Date "2006.06.07"]
[Round "7"]
[White "Rosenkranz, Christian"]
[Black "Boehme, Lasse"]
[Result "1-0"]
[WhiteElo "1495"]
[BlackElo "1378"]
[PlyCount "95"]
[EventDate "2006.06.03"]
[EventType "swiss"]
[EventRounds "11"]
[EventCountry "GER"]
[SourceTitle "EXT 2007"]
[Source "ChessBase"]
[SourceDate "2006.11.23"]
[SourceVersion "1"]
[SourceVersionDate "2006.11.23"]
[SourceQuality "1"]

1. e4 e5 2. d4 exd4 3. c3 dxc3 4. Bc4 Nc6 5. Nf3 Bc5 6. Bxf7+ Kxf7 7. Qd5+ Ke8 8. Qxc5 d6 9. Qxc3 Qf6 10. Bg5 Qxc3+ 11. Nxc3 Nf6 12. Bxf6 gxf6 13. Nd5 Kd8 14. Nxf6 Ne5 15. Nxe5 dxe5 16. Rd1+ Ke7 17. Nd5+ Kf7 18. Nxc7 Rb8 19. 0-0 Be6 20. a3 Rbc8 21. Nb5 Rc2 22. b4 Ra2 23. f4 Ke7 24. Nxa7 Rxa3 25. Nb5 Ra2 26. Nc7 Rc2 27. Nxe6 Kxe6 28. f5+ Kf7 29. Rd7+ Kf6 30. Rxb7 Re2 31. Rb6+ Kg5 32. f6 Rxe4 33. f7 Rf4 34. Rxf4 exf4 35. Rb7 Kf6 36. b5 Ke6 37. b6 Kd6 38. Rc7 Rb8 39. Kf2 Rxb6 40. f8Q+ Kxc7 41. Qxf4+ Rd6 42. Qc4+ Kb6 43. Kf3 Rc6 44. Qd4+ Ka6 45. Qd3+ Ka7 46. Qxh7+ Kb6 47. Qe4 Rc3+ 48. Qe3+ 1-0

[Event "GER-ch U12"]
[Site "Willingen"]
[Date "2006.06.05"]
[Round "4"]
[White "Braeuer, Franz"]
[Black "Rosenkranz, Christian"]
[Result "1-0"]
[WhiteElo "1878"]
[BlackElo "1495"]
[PlyCount "65"]
[EventDate "2006.06.03"]
[EventType "swiss"]
[EventRounds "11"]
[EventCountry "GER"]
[SourceTitle "EXT 2007"]
[Source "ChessBase"]
[SourceDate "2006.11.23"]
[SourceVersion "1"]
[SourceVersionDate "2006.11.23"]
[SourceQuality "1"]

1. e4 e5 2. Nf3 Nc6 3. Bb5 f5 4. exf5 e4 5. Qe2 Qe7 6. Bxc6 bxc6 7. Nd4 Nf6 8. g4 h6 9. Nc3 Bb7 10. Rg1 a6 11. Nb3 d5 12. h3 Nh7 13. d3 exd3 14. Qxe7+ Bxe7 15. cxd3 Ng5 16. Bxg5 Bxg5 17. Kd1 0-0-0 18. Nc5 Bf6 19. Nxb7 Kxb7 20. f3 Rhe8 21. Re1 Rxe1+ 22. Kxe1 Re8+ 23. Kd2 Bg5+ 24. Kc2 Re3 25. Rf1 d4 26. Ne4 Re2+ 27. Kb3 Re3 28. Kc4 Re2 29. Rf2 Rxf2 30. Nxf2 Be3 31. Ne4 Kb6 32. Nc5 h5 33. Ne6 1-0

[Event "GER-chT U12"]
[Site "Verden"]
[Date "2005.12.29"]
[Round "5.2"]
[White "Ameln, Till"]
[Black "Rosenkranz, Christian"]
[Result "0-1"]
[WhiteElo "1397"]
[BlackElo "1411"]
[PlyCount "102"]
[EventDate "2005.12.27"]
[EventType "team-swiss"]
[EventRounds "7"]
[EventCountry "GER"]
[SourceTitle "CBM 110 Extra"]
[Source "ChessBase"]
[SourceDate "2006.03.10"]
[SourceVersion "2"]
[SourceVersionDate "2006.03.10"]
[SourceQuality "1"]

1. d4 Nf6 2. c4 e6 3. Nc3 Bb4 4. Nf3 0-0 5. Bd2 b6 6. e3 Bb7 7. Bd3 d5 8. cxd5 Nxd5 9. 0-0 Nxc3 10. bxc3 Be7 11. e4 c5 12. Qc2 cxd4 13. cxd4 Nd7 14. Qb3 Nf6 15. Rfe1 Rc8 16. Rac1 Rxc1 17. Bxc1 Qa8 18. Qb1 h6 19. Bb2 Nd7 20. Rc1 Rc8 21. Rxc8+ Qxc8 22. Qc2 Qxc2 23. Bxc2 Nf6 24. e5 Nd5 25. a3 Kf8 26. Kf1 Nf4 27. Bc1 Ba6+ 28. Kg1 Ne2+ 29. Kf1 Nxc1+ 30. Ke1 Nd3+ 31. Kd2 Nxf2 32. Ke3 Ng4+ 33. Kf4 h5 34. h3 Nh6 35. a4 f6 36. Bb3 Bc8 37. Ke3 Nf5+ 38. Kd3 Bb4 39. Bc4 Ke7 40. g4 Ng3 41. Ke3 g5 42. Kd3 hxg4 43. hxg4 Bb7 44. exf6+ Kxf6 45. Ne5 Bg2 46. Ke3 Bf1 47. Bb5 Bxb5 48. axb5 Bd6 49. Nc6 e5 50. dxe5+ Bxe5 51. Nxa7 Bc7 0-1

[Event "GER-ch U25"]
[Site "Willingen"]
[Date "2005.05.17"]
[Round "6"]
[White "Rosenkranz, Christian"]
[Black "Fabritius, Norbert"]
[Result "0-1"]
[WhiteElo "1232"]
[BlackElo "1321"]
[PlyCount "44"]
[EventDate "2005.05.14"]
[EventType "swiss"]
[EventRounds "9"]
[EventCountry "GER"]
[SourceTitle "CBM 106 Extra"]
[Source "ChessBase"]
[SourceDate "2005.07.01"]
[SourceVersion "1"]
[SourceVersionDate "2005.07.01"]
[SourceQuality "1"]

1. e4 d5 2. exd5 Qxd5 3. Nc3 Qa5 4. Nf3 Nf6 5. d4 c6 6. Bd2 Qc7 7. Bc4 Bg4 8. h3 Bh5 9. Qe2 Bxf3 10. Qxf3 e6 11. 0-0-0 Nbd7 12. Rhe1 0-0-0 13. Bf4 Bd6 14. Bxd6 Qxd6 15. Ne4 Nxe4 16. Rxe4 Nf6 17. Re3 Qb4 18. Rc3 Rd7 19. Rdd3 Rhd8 20. Ba6 Kb8 21. Rxc6 Qe1+ 22. Rd1 Qe4 0-1

[Event "Saarland-ch C"]
[Site "Saarlouis Steinrausch"]
[Date "2005.03.23"]
[Round "6"]
[White "Rosenkranz, Christian"]
[Black "Gergs, Raphael"]
[Result "1-0"]
[WhiteElo "1452"]
[BlackElo "1487"]
[PlyCount "85"]
[EventDate "2005.03.18"]
[EventType "swiss"]
[EventRounds "9"]
[EventCountry "GER"]
[SourceTitle "EXT 2012"]
[Source "ChessBase"]
[SourceDate "2011.11.24"]
[SourceVersion "1"]
[SourceVersionDate "2011.11.24"]
[SourceQuality "1"]

1. e4 e5 2. Nf3 Nc6 3. Bb5 d6 4. d4 exd4 5. Qxd4 Bd7 6. Bxc6 bxc6 7. Nc3 c5 8. Qd3 Nf6 9. 0-0 Be6 10. Rd1 Nd7 11. Nd5 Nb6 12. c4 Be7 13. b3 0-0 14. Nxe7+ Qxe7 15. Bb2 Rab8 16. Re1 Nxc4 17. Bc3 Nb6 18. Rac1 f6 19. Nh4 Qd7 20. Qg3 Rf7 21. f4 f5 22. exf5 Bxf5 23. Rcd1 c6 24. Nxf5 Qxf5 25. Rxd6 Qxf4 26. Qxf4 Rxf4 27. Rxc6 Rbf8 28. Rxc5 Rf2 29. Rc7 R2f7 30. Rxf7 Rxf7 31. Re8+ Rf8 32. Rxf8+ Kxf8 33. Bd4 Nc8 34. Kf2 Kf7 35. Ke3 g6 36. Bc5 a6 37. b4 Ke6 38. Kd4 Nd6 39. Bxd6 Kxd6 40. g3 Kc6 41. a4 Kd6 42. b5 a5 43. Ke4 1-0

[Event "Saarland-ch C"]
[Site "Saarlouis Steinrausch"]
[Date "2005.03.21"]
[Round "4"]
[White "Rosenkranz, Christian"]
[Black "Assaf, Amir"]
[Result "1-0"]
[WhiteElo "1452"]
[BlackElo "1452"]
[PlyCount "45"]
[EventDate "2005.03.18"]
[EventType "swiss"]
[EventRounds "9"]
[EventCountry "GER"]
[SourceTitle "EXT 2012"]
[Source "ChessBase"]
[SourceDate "2011.11.24"]
[SourceVersion "1"]
[SourceVersionDate "2011.11.24"]
[SourceQuality "1"]

1. d4 e6 2. e4 Nf6 3. Bd3 c5 4. c3 Nc6 5. Nf3 cxd4 6. cxd4 d5 7. e5 Nd7 8. 0-0 Qb6 9. Bc2 Be7 10. b3 Qc7 11. Ba3 f6 12. Bxe7 Nxe7 13. Re1 0-0 14. exf6 Nxf6 15. Nbd2 Nc6 16. Rc1 Bd7 17. Ne5 Rae8 18. Ndf3 Qb6 19. g4 Nxe5 20. Nxe5 Bb5 21. g5 Nd7 22. Qh5 Nxe5 23. Bxh7+ 1-0

[Event "Saarland-ch C"]
[Site "Saarlouis Steinrausch"]
[Date "2005.03.20"]
[Round "3"]
[White "Schuler, Alexander"]
[Black "Rosenkranz, Christian"]
[Result "1/2-1/2"]
[WhiteElo "1452"]
[BlackElo "1452"]
[PlyCount "67"]
[EventDate "2005.03.18"]
[EventType "swiss"]
[EventRounds "9"]
[EventCountry "GER"]
[SourceTitle "EXT 2012"]
[Source "ChessBase"]
[SourceDate "2011.11.24"]
[SourceVersion "1"]
[SourceVersionDate "2011.11.24"]
[SourceQuality "1"]

1. e4 e5 2. Nf3 Nc6 3. Bc4 Nf6 4. d3 d5 5. exd5 Nxd5 6. h3 Be7 7. Bd2 0-0 8. Nc3 Nb6 9. Bb3 Bf5 10. Qe2 Re8 11. 0-0-0 Bd6 12. Ng5 Bg6 13. Qf3 Qd7 14. Be3 Na5 15. Bxb6 Nxb3+ 16. cxb3 cxb6 17. Nge4 Bf8 18. g4 Rac8 19. Kb1 b5 20. Ng3 Qc6 21. Qxc6 bxc6 22. f3 a6 23. h4 f6 24. h5 Bf7 25. Nce4 Be6 26. h6 Red8 27. hxg7 Bxg7 28. Nh5 f5 29. Nxg7 Kxg7 30. Ng5 Bg8 31. gxf5 Kf6 32. Ne4+ Kxf5 33. Kc2 Rc7 34. Kd2 1/2-1/2

[Event "GER-chT U12"]
[Site "Verden"]
[Date "2004.12.30"]
[Round "7.3"]
[White "Eigemann, Julian"]
[Black "Rosenkranz, Christian"]
[Result "0-1"]
[WhiteElo "980"]
[BlackElo "1136"]
[PlyCount "110"]
[EventDate "2004.12.27"]
[EventType "team-swiss"]
[EventRounds "7"]
[EventCountry "GER"]
[SourceTitle "EXT 2006"]
[Source "ChessBase"]
[SourceDate "2005.11.24"]
[SourceVersion "1"]
[SourceVersionDate "2005.11.24"]
[SourceQuality "1"]

1. e4 e5 2. Nf3 Nc6 3. Bc4 Bc5 4. Nc3 Nf6 5. d3 0-0 6. Bg5 Be7 7. Qd2 Re8 8. 0-0-0 a6 9. a3 b5 10. Bd5 Bc5 11. Rhf1 Bb7 12. Be3 Bb6 13. Ng5 Nxd5 14. exd5 Ne7 15. Bxb6 cxb6 16. d6 Ng6 17. Nge4 Re6 18. h3 Qf8 19. g4 f6 20. d4 Bxe4 21. Nxe4 exd4 22. Qxd4 Rb8 23. f4 Ree8 24. g5 f5 25. Ng3 Re6 26. Qd5 Qf7 27. Nxf5 Rbe8 28. Ng3 Re3 29. Qg2 Nh4 30. Qf2 Rf3 31. Qh2 Qxf4+ 32. Kb1 Qxg3 33. Qxg3 Rxg3 34. Rfe1 Rge3 35. Rh1 Ng2 36. Ka2 Re1 37. Rhxe1 Rxe1 38. Rd5 Re6 39. Kb3 Nf4 40. Rd4 Nxh3 41. Kb4 Nxg5 42. c3 Re4 43. Rxe4 Nxe4 44. Kb3 h5 45. Kc2 h4 46. Kd3 h3 47. Kxe4 h2 48. Kd3 h1Q 49. Kc2 Qd5 50. a4 bxa4 51. Kb1 Qxd6 52. Ka2 a3 53. b3 Qd2+ 54. Kxa3 Qxc3 55. Ka4 Qa5# 0-1

[Event "GER-chT U12"]
[Site "Verden"]
[Date "2004.12.28"]
[Round "3.3"]
[White "Rosenkranz, Christian"]
[Black "Hamm, Lukas"]
[Result "1-0"]
[WhiteElo "1136"]
[BlackElo "864"]
[PlyCount "117"]
[EventDate "2004.12.27"]
[EventType "team-swiss"]
[EventRounds "7"]
[EventCountry "GER"]
[SourceTitle "EXT 2006"]
[Source "ChessBase"]
[SourceDate "2005.11.24"]
[SourceVersion "1"]
[SourceVersionDate "2005.11.24"]
[SourceQuality "1"]

1. e4 e5 2. Nf3 Nc6 3. Bc4 Bc5 4. Nc3 Nf6 5. d3 d6 6. Bg5 h6 7. Bh4 Bg4 8. h3 Bh5 9. g4 Bg6 10. Nd5 Nd4 11. Nxf6+ gxf6 12. Nxd4 Bxd4 13. c3 Bb6 14. Qf3 Rg8 15. Qxf6 Qd7 16. Qf3 Rh8 17. Rd1 h5 18. g5 c5 19. Qf6 Rg8 20. b3 Bd8 21. Qf3 Ba5 22. Rc1 Rc8 23. a4 Rb8 24. Bb5 Qxb5 25. axb5 a6 26. Qf6 Rd8 27. bxa6 bxa6 28. Rg1 Bc7 29. b4 a5 30. bxc5 dxc5 31. Qc6+ Rd7 32. Qxc5 Kd8 33. Bg3 Re8 34. Qc4 Kc8 35. d4 Bxe4 36. Bxe5 Bf5 37. Qa6+ Kd8 38. Qf6+ Ree7 39. Qxf5 Bxe5 40. dxe5 a4 41. Rd1 a3 42. Rxd7+ Rxd7 43. Qf6+ Ke8 44. Qa6 Re7 45. Qxa3 Rxe5+ 46. Kf1 Re6 47. Qa8+ Ke7 48. Rg3 Kd7 49. Qd5+ Rd6 50. Qxd6+ Kxd6 51. g6 fxg6 52. Rxg6+ Kc5 53. Rg5+ Kc4 54. Rxh5 Kxc3 55. Rd5 Kc4 56. Rd8 Kc5 57. f4 Kc6 58. f5 Kc7 59. Rd1 1-0

[Event "GER-ch U10"]
[Site "Willingen"]
[Date "2004.06.02"]
[Round "8"]
[White "Schmitt, Katrin"]
[Black "Rosenkranz, Christian"]
[Result "1-0"]
[WhiteElo "995"]
[BlackElo "1152"]
[PlyCount "83"]
[EventDate "2004.06.??"]
[EventType "swiss"]
[EventRounds "11"]
[EventCountry "GER"]
[SourceTitle "EXT 2005"]
[Source "ChessBase"]
[SourceDate "2004.11.15"]
[SourceVersion "1"]
[SourceVersionDate "2004.11.15"]
[SourceQuality "1"]

1. e4 e5 2. Nf3 Nc6 3. d4 exd4 4. Nxd4 Bc5 5. Be3 Bb6 6. Bc4 Nf6 7. Nc3 0-0 8. 0-0 Re8 9. f3 d6 10. Kh1 Be6 11. Be2 Qe7 12. Qd2 Rad8 13. Rad1 Qd7 14. Rfe1 d5 15. Nxe6 fxe6 16. Bxb6 axb6 17. Bb5 Qf7 18. e5 Nd7 19. f4 Re7 20. Rf1 g6 21. a3 Rf8 22. b4 Ncb8 23. g3 c6 24. Be2 b5 25. a4 bxa4 26. Nxa4 Na6 27. b5 cxb5 28. Bxb5 Nc7 29. Be2 Ree8 30. Qb4 Rb8 31. Qd6 Ne8 32. Qb4 Ng7 33. c4 Nf5 34. cxd5 Ne3 35. dxe6 Qxe6 36. Nc3 Nxd1 37. Bc4 Qxc4 38. Qxc4+ Kh8 39. Rxd1 Rbc8 40. Qb5 Rxc3 41. Rxd7 Rb3 42. e6 1-0

[Event "GER-ch U10"]
[Site "Willingen"]
[Date "2004.05.30"]
[Round "3"]
[White "Rosenkranz, Christian"]
[Black "Rutz, Maximilian"]
[Result "1-0"]
[WhiteElo "1152"]
[BlackElo "962"]
[PlyCount "119"]
[EventDate "2004.06.??"]
[EventType "swiss"]
[EventRounds "11"]
[EventCountry "GER"]
[SourceTitle "EXT 2005"]
[Source "ChessBase"]
[SourceDate "2004.11.15"]
[SourceVersion "1"]
[SourceVersionDate "2004.11.15"]
[SourceQuality "1"]

1. e4 d5 2. exd5 Nf6 3. c4 c6 4. dxc6 Nxc6 5. b3 e5 6. Bb2 Bd6 7. Nc3 Bf5 8. Be2 0-0 9. d3 Re8 10. Nf3 a6 11. a4 Qc7 12. 0-0 Rad8 13. Rc1 e4 14. Nd5 Nxd5 15. cxd5 exf3 16. Bxf3 Bxh2+ 17. Kh1 Bf4 18. Rc2 Rd6 19. Re1 Red8 20. dxc6 bxc6 21. Qe2 Re6 22. Qf1 Bxd3 23. Ree2 Rh6+ 24. Kg1 Bg5 25. Be5 Qd7 26. Qd1 Bxc2 27. Qxd7 Rxd7 28. Bc3 f6 29. Rxc2 a5 30. g3 c5 31. Bxa5 Rd3 32. Be4 Rxb3 33. Bd5+ Kh8 34. Bxb3 f5 35. Bd2 Bxd2 36. Rxd2 g5 37. a5 Ra6 38. Ra2 Kg7 39. Bc4 Ra7 40. a6 Kf6 41. f4 gxf4 42. gxf4 Kg6 43. Rc2 Rc7 44. Bb5 Kh5 45. Ra2 Ra7 46. Ra5 Kg4 47. Bc4 h5 48. Rxc5 Kg3 49. Rxf5 h4 50. Rf7 Ra8 51. a7 h3 52. Bd5 h2+ 53. Kh1 Re8 54. Rg7+ Kh3 55. Bg2+ Kh4 56. Kxh2 Kh5 57. a8Q Rxa8 58. Bxa8 Kh6 59. Rg2 Kh5 60. Kg1 1-0